000 00805cam a22001814a 4500
005 20250605164402.0
008 250528s ||||||||||||||||||||||||d
035 _a24658
040 _aGR-AtMCL
_bgre
_dGR-AtMCL
_eAACR2
245 1 _aΤι Σημαίνει για την Generali η Εξαγορά της AXA
260 _bMorax Media S.A,
_c2021
300 _a72
520 _aΗ Δεκαετία του Κλάδου Οχημάτων, Αυτοκινητοβιομηχανία: Ο Οδικός Χάρτης της Διαμεσολάβησης, Αυτό το Κίνδυνο Ποιός θα τον Καλύψει, Ο Χορός των Εξαγορών Καλά Κρατεί.
700 1 _aΜωράκης Φίλιππος
_99500
942 _cCR
999 _c9525
_d9525